| 000 | 00409cam a2200169ua 4500 | ||
|---|---|---|---|
| 001 | 15646 | ||
| 008 | 190313n II |||gr||||Z||||||eng | ||
| 040 | _aMAIN | ||
| 041 | _aEnglish | ||
| 082 | _a592 KOT | ||
| 100 | _aKOTPAL, R.L. | ||
| 245 | _aMODERN TEXT BOOK OF ZOOLOGY INVERTEBRETE | ||
| 260 |
_aMEERUT: _bRASTOGI PUBLICATION, _c2005. |
||
| 300 |
_a864: _c24CM. |
||
| 653 | _aInvertebrates | ||
| 942 | _cBK | ||
| 999 |
_c15531 _d15531 |
||